000
00348nam a2200157Ia 4500
100
_a
Thompson/Erik G
650
_a
FEM
942
_c
BK
366
_f
27
245
_a
Introduction to the finite element method:theory
260
_b
Wiley India
_c
2004
082
_a
620.0015
_b
THO
300
_a
343
546
_a
ENGLISH
_c
Info.Tech
999
_c
20968
_d
20968